000
00210nam a2200097Ia 4500
008
240331s9999 xx 000 0 und d
082
_b
MAN
100
_a
Mangai,A
245
0
_a
Pen arangam tamilchoolal
942
_c
L
999
_c
4622
_d
4622